000
00340cam a2200145ua 4500
041
_a
eng
_h
082
_a
574.526323
_b
CLE/PO
100
_a
Clegg, John .
245
_a
Pond and stream life /
_c
John Clegg.
_h
Textual Documents
260
_a
Stanford :
_b
Water life.
300
_a
44 ; .
504
_a
942
_c
BK
999
_c
9270
_d
9270